000 02291nam a2200265 a 4500
001 000037813
003 DO-SdBNP
005 20250207141251.0
007 ta
008 130306s2012 dr a 000 0 spa d
040 _aDO-SdBNP
_bspa
_cBNPHU
_erda
082 4 _axxx
_bxxx
_222
245 0 0 _aEvaluación quinquenal de la calidad de las instituciones de educación superior :
_bdirectrices, matrices e instrumentos para la autoevaluación institucional /
_cLigia Amada Melo de Cardona.
264 _aSanto Domingo :
_bMinisterio de Educación Superior, Ciencia y Tecnogía,
_c2012.
300 _avolumenes :
_bilustraciones ;
_c28 cm.
336 _atexto
_btxt
_2rdacontent
337 _asin mediación
_bn
_2rdamedia
338 _avolumen
_bnc
_2rdacarrier
500 _aLa biblioteca posee el v. 1-2
505 0 _aAspectos legales de la evaluación quinquenal de la calidad de las instituciones 5 Fundamentos de la estructuración de evaluación institucional --
_tEstructura y fases de la evaluación quinquenal de la calidad de las instituciones de educación superior --
_tUtilización de las matrices e instrumentos de autoevaluación --
_tMatrices para la autoevaluación de las instituciones de educación superior --
_tFilosofía de las instituciones --
_tOrganización administrativa y académica --
_tOferta académica --
_tOrganización de la oferta académica --
_tInvestigación y extensión --
_tRecursos humanos --
_tInfraestructura y recursos financieros --
_tAdmisión y registro --
_tServicios estudiantiles --
_tEvaluación de los aprendizajes --
_tResultados del programa formativo --
_tRecursos para la docencia y la investigación --
_tDefiniciones de informantes claves y equivalentes --
_tGlosario --
_tReferencias --
_tInfraestructura y recursos financieros --
_tAdmisión y registro --
_tServicios estudiantiles --
_tEvaluación de los aprendizajes --
_tResultados del programa formativo --
_tRecursos para la docencia y la investigación --
_tDefiniciones de informantes claves y equivalentes --
_tGlosario --
_tReferencias.
590 _aInventariado, 2022/BT
700 1 _aMelo de Cardona, Ligia Amada
_927174
710 _aMinisterio de Educación Superior,Ciencia y Tecnogía (República Dominicana)
_964263
_bMinisterio de Educación Superior, Ciencia y Tecnogía.
942 _2ddc
_cLBS1
999 _c37303
_d37303